000 00714nam a2200253Ia 4500
003 OSt
005 20220926034003.0
006 a|||||r|||| 00| 0
007 ta
008 220923b |||||||| |||| 00| 0 eng d
037 _cGeneral Book
040 _aRTL
_cRTL
_beng
041 _2eng
_aeng
082 _aXM8:8, K9
100 _aHeck Harold J
_9339886
245 0 _aInternational business environment
_b A management
260 _aWashington
_bA M A
_c1969
300 _a192p
_ccm.
490 _aAmerican Management Association Publication
500 _aAppendix p 178-90
650 _aMultinational
942 _hXM8:8, K9
_cGB
_2CC
999 _c658496
_d658496